Normal view
MARC view
- الفن-الفن التشكيلي العربي بالمغرب
Entry Topical Term
001 - CONTROL NUMBER
- control field: 39424
003 - CONTROL NUMBER IDENTIFIER
- control field: JO-AjAnu
005 - DATE AND TIME OF LATEST TRANSACTION
- control field: 20230606080545.0
008 - FIXED-LENGTH DATA ELEMENTS
- fixed length control field: 230606|| aca||aabn | a|a d
040 ## - CATALOGING SOURCE
- Original cataloging agency: JO-AjAnu
- Transcribing agency: JO-AjAnu
150 ## - HEADING--TOPICAL TERM
- Topical term or geographic name entry element: الفن-الفن التشكيلي العربي بالمغرب
670 ## - SOURCE DATA FOUND
- Source citation: Work cat.: (JO-AjAnu)20216: السلاوي، محمد أديب تأليف, author 39423, اعلام الفن التشكيلي العربي بالمغرب